Embedded systems design : an introduction to processes, tools, and techniques
Αποθηκεύτηκε σε:
| Κύριος συγγραφέας: | |
|---|---|
| Μορφή: | Βιβλίο |
| Γλώσσα: | English |
| Δημοσίευση: |
San Francisco, CA :
CMP Books,
c2002
|
| Θέματα: | |
| Ετικέτες: |
Προσθήκη ετικέτας
Δεν υπάρχουν, Καταχωρήστε ετικέτα πρώτοι!
|
MARC
| LEADER | 00000nam a2200000 i 4500 | ||
|---|---|---|---|
| 001 | 1/63619 | ||
| 008 | 071120s2002 eng d | ||
| 020 | |a 1-57820-073-3 | ||
| 035 | |l 10092398 | ||
| 040 | |a GR-MY-UA |b gre |e aacr | ||
| 041 | 0 | |a eng | |
| 082 | 0 | |a 005.26 |2 (22) | |
| 100 | 1 | |a Berger, Arnold. | |
| 245 | 1 | 0 | |a Embedded systems design : |b an introduction to processes, tools, and techniques / |c Arnold Berger |
| 260 | |a San Francisco, CA : |b CMP Books, |c c2002 | ||
| 300 | |a xxviii, 237 σ.; |b εικ.; |c 24 εκ. | ||
| 504 | |a Περιλαμβάνει βιβλιογραφίες και ευρετήριο | ||
| 650 | 0 | 0 | |a Embedded computer systems |x Programming. |
| 852 | |a INST |b SYROS |e 20071120 |h 005.26 BER |p 005500006936 |q 005500006936 |t BK |y 0 | ||
| 901 | |a BIBL5-2007-3 | ||
| 909 | |a Ε |b 140171 | ||
| 922 | |a 5ΕΛΗ |b 200710 |c ΕΠΕΑΕΚ2/ΤΜΣΠΣ |d ΕΛΕΥΘΕΡΟΥΔΑΚΗΣ | ||
| 970 | |a ΚΟΝΤΟΥ |b ΠΑΡΑΣΚΕΥΗ |z 2007/11/20 | ||